| 000 | 01213cam a22003377a 4500 | ||
|---|---|---|---|
| 003 | CHAP | ||
| 005 | 20220329142308.0 | ||
| 008 | 000522d2000 mx b r 00110 spa d | ||
| 010 | _a81224 | ||
| 011 | _a82196 | ||
| 035 | _a92683 | ||
| 040 | _cCHAP | ||
| 090 | _aTesis | ||
| 100 | 0 | 0 |
_aYamasaki Maza, Alberto. _9122968 |
| 245 | 1 | 3 |
_aLa ganadería bovina de doble propósito y perspectivas de desarrollo, en el Distrito de Riego 101 Cuxtepeques, La Concordia, Chiapas _c/por Alberto Yamasaki Maza |
| 260 |
_aChapingo, Méx. : _bEl autor, _c2000. |
||
| 300 | _a217 h. ; mapas | ||
| 500 | _ac.3 en bodega | ||
| 502 | _aTesis (M.C. en Desarrollo Rural Regional) -- UACH. Dirección de Centros Regionales | ||
| 590 |
_aALEPH _b10 _c20130110 _lUCH01 _h1435 |
||
| 590 |
_aBATCH-UPD _b10 _c20130110 _lUCH01 _h1934 |
||
| 590 |
_aCONVERSION _b10 _c20130109 _lUCH01 _h1345 |
||
| 650 | 1 | 4 |
_aDistrito de Riego Cuxtepeque, Chis. _932866 |
| 650 | 1 | 4 |
_aGanado de carne _xChiapas. _945074 |
| 650 | 1 | 4 |
_aGanado lechero _xChiapas. _945245 |
| 901 | _aBK | ||
| 905 | _aAlejandra Carrasco M. | ||
| 942 | _cFOLL | ||
| 949 |
_bBC _cTES _d33724000781241 _eTS2 _fc.2 _h36078 _i92683 _si |
||
| 949 |
_bBC _cTES _d926831 _eTS1 _h36077 _i92683 _sb |
||
| 999 |
_c81224 _d81224 |
||